Music Quiz

Random Music or Bands Quiz

Jackson 5 Quiz Stats

 Plays Quiz Updated Mar 2, 2019

Score 0/5 Timer 01:00
1 Play Today
% Correct
Michael
98.6%
Tito
83.6%
Jermaine
74%
Marlon
38.7%
Jackie
36.8%

You're not logged in!

Compare scores with friends on all Sporcle quizzes.
OR
Log In

Sporcle TV

Today on Sporcle TV


Watch our educational content, quiz creation guides, and fun videos on Sporcle TV.

Show Comments

Extras

Top Quizzes Today


Score Distribution

Your Account Isn't Verified!

In order to create a playlist on Sporcle, you need to verify the email address you used during registration. Go to your Sporcle Settings to finish the process.

Report this User

Report this user for behavior that violates our Community Guidelines.

Details: